| 000 | 02590cam a22003974a 4500 | ||
|---|---|---|---|
| 999 |
_c234149 _d234149 |
||
| 001 | 14818591 | ||
| 003 | Nust | ||
| 005 | 20170314133734.0 | ||
| 008 | 070418s2008 maua b 001 0 eng | ||
| 010 | _a 2007016383 | ||
| 016 | 7 |
_a101305056 _2DNLM |
|
| 020 | _a978-93-80108-17-9 | ||
| 035 | _a(OCoLC)ocn123539480 | ||
| 035 | _a(OCoLC)123539480 | ||
| 040 |
_aDNLM/DLC _cASAB _dNLM _dBAKER _dBTCTA _dC#P _dBWX _dYDXCP _dDLC |
||
| 042 | _apcc | ||
| 050 | 0 | 0 |
_aR858 _b.B475 2008 |
| 060 | 1 | 0 |
_aW 26.55.S6 _bB516r 2008 |
| 082 | 0 | 0 |
_a612 BER _222 |
| 100 | 1 | _aBerman, Jules J. | |
| 245 | 1 | 0 |
_abiomedical informatics _cJules J. Berman. |
| 260 |
_aSudbury, Mass. : _bJones and Bartlett Publishers, _cc2008. |
||
| 300 |
_axviii, 459 p. : _bill. ; _c26 cm. |
||
| 440 | 0 | _aJones and Bartlett series in biomedical informatics | |
| 504 | _aIncludes bibliographical references (p. 299-304) and index. | ||
| 505 | 0 | _aOverview of the Ruby language (level 1) -- Survey of Ruby classes and the Ruby standard library (level 1) -- Object orientation in Ruby (level 2) -- Ruby extensions and standard libraries (level 2) -- Biomedical data files used in later chapters (level 1) -- Using Ruby strings, hashes, arrays, files, and directories (level 1) -- Pattern searching with regular expressions (level 1) -- File/dataset transformations (level 1) -- Indexing text (level 1) -- Searching and mining data (level 1) -- Scrubbing confidential medical data (level 1) -- Autocoding biomedical data using nomenclatures (level 3) -- Some mathematical and statistical methods (level 2) -- Cryptography and de-identification (level 2) -- Common gateway interface (level 4) -- Enter Ruby on Rails (level 4) -- The bioinformatics library, Bio, and Ruby (level 3) -- Ruby and resource description framework (level 3) -- Ruby and biological classifications (level 3) -- Book summary (level 3). | |
| 650 | 0 |
_aMedicine _xData processing. |
|
| 650 | 0 |
_aBiology _xData processing. |
|
| 650 | 0 | _aRuby (Computer program language) | |
| 650 | 1 | 2 | _aMedical Informatics. |
| 650 | 1 | 2 | _aProgramming Languages. |
| 650 | 2 | 2 | _aComputational Biology. |
| 856 | 4 | 1 |
_3Table of contents only _uhttp://www.loc.gov/catdir/toc/ecip0716/2007016383.html |
| 906 |
_a7 _bcbc _corignew _d1 _eecip _f20 _gy-gencatlg |
||
| 942 |
_2ddc _cBK |
||